Central Library OPAC University of Rajshahi

Speech and hearing in communication / (Record no. 43415)

MARC details
000 -LEADER
fixed length control field 00930nam a2200289 a 4500
001 - CONTROL NUMBER
control field 43415
003 - CONTROL NUMBER IDENTIFIER
rucl marc code BD-RjUL
005 - DATE AND TIME OF LATEST TRANSACTION
control field 20211209053708.0
008 - FIXED-LENGTH DATA ELEMENTS--GENERAL INFORMATION
fixed length control field 160621r19651953nyua 001 0 eng
035 ## - SYSTEM CONTROL NUMBER
System control number (BD-RjUL)43533
040 ## - CATALOGING SOURCE
Original cataloging agency DLC
Transcribing agency ODaWU
Modifying agency OCoLC
-- BD-RjUL
Language of cataloging eng
041 ## - LANGUAGE CODE
Language code of text/sound track or separate title eng
082 ## - DEWEY DECIMAL CLASSIFICATION NUMBER
Classification number 152.287
Edition number 23
Author mark and year FLS 1965
100 1# - MAIN ENTRY--PERSONAL NAME
Personal name Harvey, Fletcher
Dates associated with a name 1884-
9 (RLIN) 133330
245 10 - TITLE STATEMENT
Title Speech and hearing in communication /
Statement of responsibility, etc. By Harvey Fletcher
260 ## - PUBLICATION, DISTRIBUTION, ETC. (IMPRINT)
Place of publication, distribution, etc. New York :
Name of publisher, distributor, etc. Van Nostrand,
Date of publication, distribution, etc. c1953 [ Reprinted 1965 ]
300 ## - PHYSICAL DESCRIPTION
Pagination x, 461 p. :
Illustrations ill. ;
Size 24 cm.
500 ## - GENERAL NOTE
General note A revision of the author's Speech and hearing, published 1929.
General note Includes index.
650 #0 - SUBJECT ADDED ENTRY--TOPICAL TERM
Topical term or geographic name as entry element Speech.
9 (RLIN) 133332
Topical term or geographic name as entry element Hearing.
9 (RLIN) 133333
Topical term or geographic name as entry element Phonetics.
9 (RLIN) 133334
Topical term or geographic name as entry element Sound.
9 (RLIN) 123645
Topical term or geographic name as entry element Music
General subdivision Acoustics and physics.
9 (RLIN) 133335
942 ## - ADDED ENTRY ELEMENTS (KOHA)
Source of classification or shelving scheme Dewey Decimal Classification
Koha item type Books
Holdings
Lost status Source of classification or shelving scheme Damaged status Not for loan Collection code Permanent Location Current Location Shelving location Date acquired Source of acquisition Cost, normal purchase price Total Checkouts Full call number Date last seen Copy number Koha item type
  Dewey Decimal Classification     Non-fiction Central Library, University of Rajshahi Central Library, University of Rajshahi   05/04/1968 Zeetlinger 116.00   152.287 FLS 1965 21/06/2016 C-2 Books
  Dewey Decimal Classification     Non-fiction Central Library, University of Rajshahi Central Library, University of Rajshahi   05/04/1968 Zeetlinger 116.00   152.287 FLS 1965 21/06/2016 C-3 Books
  Dewey Decimal Classification     Non-fiction Central Library, University of Rajshahi Central Library, University of Rajshahi   05/04/1968 Zeetlinger 116.00   152.287 FLS 1965 21/06/2016 C-4 Books
  Dewey Decimal Classification     Non-fiction Central Library, University of Rajshahi Central Library, University of Rajshahi   05/04/1968 Zeetlinger 116.00   152.287 FLS 1965 21/06/2016 C-5 Books
  Dewey Decimal Classification   Not For Loan Non-fiction Central Library, University of Rajshahi Central Library, University of Rajshahi Reading Room 14/02/1963 Zeitlinger 90.00   152.287 FLS 1961 15/01/2017 C-1 Books